| 000 | 00489nam a2200169Ia 4500 | ||
|---|---|---|---|
| 003 | GCL | ||
| 008 | 140319s9999 xx 000 0 ara d | ||
| 040 |
_aGCL / _cGCL |
||
| 082 | 0 | 4 |
_aط _b793.732 _bه ع |
| 100 | 1 | _aهاوس , بوك | |
| 245 | 1 | 0 |
_aعالم الكلمات المتقاطعة (شبكات متفرعة)(6) / _cهاوس , بوك |
| 300 | _a109 ص | ||
| 490 |
_a100 قصة _v0 |
||
| 650 | 0 | 4 | _aالترفيه |
| 650 | 0 | 4 | _aالكلمات المتقاطعة |
| 942 |
_2ddc _cBK |
||
| 999 |
_c45581 _d45581 |
||